000 00619nam a2200241Ia 4500
003 OSt
005 20220918212143.0
006 a|||||r|||| 00| 0
007 ta
008 220917b |||||||| |||| 00| 0 eng d
024 _a127,493
037 _cTextual
040 _aARTS
_cARTS
_beng
041 _2eng
_aeng
082 _aW6:91.1, M7
100 _aBudge I
_9122697
245 0 _aIdeology strategy and party change
260 _aCambridge
_bC U P
_c1987
300 _axvii, 494p.
_ccm.
650 _aPOLITICAL SCIENCE
942 _hW6:91.1, M7
_cTEXL
_2CC
999 _c250635
_d250635